00608 2200229 4500001002100000005001700021008004100038020001800079035002400097040001200121082001000133090001700143100002300160245004500183250001100228260004100239300002900280504002500309650001400334850001200348990001800360YOGYA-0209000006809520090227092032.0 ind  a979-421-044-7 0010-020900000068095 aYOPDYOG a155.2 a155.2bSur P aSURYABRATA, Sumadi aPsikologi kepribadiancSumadi Suryabrata aCet. 6 aJakartabRaja Grafindo Persadac1993 axx, 422 hlmbilusc21 cm aTermasuk bibliografi aPsikomeri aYOPDYOG a56781-P/95b1